000 00748nam a2200265Ia 4500
003 OSt
005 20221006145525.0
006 a|||||r|||| 00| 0
007 ta
008 221006b |||||||| |||| 00| 0 eng d
020 _c99.00 (each)
024 _a15,152
037 _cTextual
040 _aEASL
_cEASL
_beng
041 _2eng
_aeng
082 _aV41:191.N76, L7;1
100 _aGUNGWU Wang
245 0 _aChina and the world since 1949
_b The impacr of independence, modernity and revolution
260 _aLondon
_bMacmillan
_c1977
300 _a190p.
_ccm.
490 _v RS
_aMaking of the 20th century
650 _aCEL
942 _hV41:191.N76, L7;1
_cTEXL
_2CC
999 _c1083238
_d1083238